| 000 | 00749cam a22001934a 4500 | ||
|---|---|---|---|
| 005 | 20250605164000.0 | ||
| 008 | 250528s ||||||||||||||||||||||||d | ||
| 035 | _a15611 | ||
| 020 | _a70411700 | ||
| 040 |
_aGR-AtMCL _bgre _dGR-AtMCL _eAACR2 |
||
| 245 | 1 | _aPL/C Essentials | |
| 260 |
_bMcgraw Hill Book Company, _c1977 |
||
| 300 | _a150 | ||
| 520 | _aIntroduction, Flowcharts, Program Structure, Language Components, I/O (Input/ Output) by the List Statement, Expressions, Labels and Gotos, Decision Statements, Character String Manipulation, Subscripted Variables, Dos, Structures, Disk, Simple Internal Procedures, Answers to Questions, Index. | ||
| 700 | 1 |
_aMazlack Lawrence J _91577 |
|
| 942 | _cBK | ||
| 999 |
_c1181 _d1181 |
||